000 00989nam1a2200301 i 4500
001 RU\NLR\BIBL_A\012839849
005 20260405095316.0
035 _a(NLR Aleph) 012839849
090 _a12392185
_c12392185
100 _a20220705g20229999u y0rusy50 ca
101 0 _arus
102 _aRU
105 _a z 0
181 0 _ai4
_baxxe
182 0 _an
200 1 _aДети Змея
_e[фэнтези]
_fАнна Гурова
203 _aТекст
_bвизуальный
_cнепосредственный
210 _aСанкт-Петербург
_cАзбука
_cАзбука-Аттикус
_d2022
215 _d21
225 1 _aМиры Марии Семёновой
333 _a16+
686 2 _aШ6(2=Р)8-445
700 1 _8rus
_7ca
_aГурова
_bА. Е.
_f1976-
_gАнна Евгеньевна
_3RU\NLR\AUTH\7735802
_918798
852 _aNLR
_j2022-3/17990
942 _cBOOK